[Event "Sinquefield Cup 3rd"]
[Site "Saint Louis"]
[Date "2015.08.24"]
[Round "2"]
[White "Grischuk, Alexander"]
[Black "Anand, Viswanathan"]
[Result "1-0"]
[WhiteElo "2771"]
[BlackElo "2816"]
[Annotator "Wagner,D"]
[PlyCount "69"]
[EventDate "2015.08.23"]
[EventType "tourn"]
[EventRounds "9"]
[EventCountry "USA"]
[EventCategory "22"]
[SourceTitle "CBM 168"]
[Source "ChessBase"]
[SourceDate "2015.09.14"]
[SourceVersion "1"]
[SourceVersionDate "2015.09.14"]
[SourceQuality "1"]
[TimeControl "40/7200:3600+30"]

{Grischuk and Anand had both lost the first round, giving their encounter in
round two a certain importance.} 1. d4 {[%emt 0:00:12]} Nf6 {[%emt 0:00:06]} 2.
Bf4 $5 {[%emt 0:00:12] A rare guest in elite tournaments. Nakamura used it
recently to beat MVL at the Fide Grand Prix in Khanty Mansiysk.} d5 {[%emt 0:
01:23]} (2... b6 3. c4 Bb7 4. Nc3 e6 5. a3 d5 6. e3 Bd6 7. Bg5 h6 8. Bxf6 Qxf6
9. cxd5 exd5 10. Qa4+ Kf8 11. g3 $14 {1-0 (27) Nakamura,H (2799)-Vachier
Lagrave,M (2754) Khanty-Mansiysk 2015}) 3. e3 {[%emt 0:00:35]} c5 {[%emt 0:00:
38]} 4. dxc5 $1 {[%emt 0:02:05] This specific version of the London System is
very rare, but not that harmless, as I expected it to be.} Nc6 {[%emt 0:00:30]}
5. Bb5 {[%emt 0:00:08] Curiously Anand had already faced exactly the same line
against the same opponent in a Blitz game at Norway Chess. Maybe blinded by
the success of this game he repeats it, though the resulting position looks
rather dangerous for Black and offers improvements for White along the way.}
Qa5+ $2 {[%emt 0:05:31] This move is the origin of Anand's problems in this
game. The queen sortie loses important time, which White can use to unleash a
dangerous initiative.} (5... e6 $1 {Is the correct way to handle this position.
I guess Anand was afraid of having to prove compensation for the pawn against
Grischuk's prep, but anyway this was the way to go. Esprecially after their
encounter in Blitz he should have checked this line more deeply in his
preparation.} 6. b4 a5 7. c3 Bd7 8. Qb3 (8. Nf3 axb4 9. Bxc6 Bxc6 10. cxb4 b6
11. Ne5 Ba4 12. Qc1 bxc5 13. Nc3 Bd7 14. bxc5 Bxc5 $15 {1/2-1/2 (43) Meister,J
(2464)-Delchev,A (2607) Wunsiedel 2015}) 8... Ne4 $5 (8... Nh5 9. Ne2 Nxf4 10.
Nxf4 g6 11. a4 Bg7 12. Ra2 $14) 9. f3 e5 {Now it's becoming pretty complicated,
but Black is not worse, for example:} 10. fxe4 exf4 11. Ne2 Qh4+ 12. g3 fxg3
13. Nxg3 dxe4 14. O-O Be6 15. Qa4 Rc8 16. Nd2 Be7 $11) 6. Nc3 {[%emt 0:00:15]}
a6 {[%emt 0:00:13]} 7. Bxc6+ {[%emt 0:00:17]} bxc6 {[%emt 0:00:07]} 8. Nf3 $1 {
[%emt 0:00:24] An easy but important improvement. It's already quite difficult
to make good suggestions for Black now, because White can always find ways to
use his development advantage.} (8. Qd4 {happened in their blitz game.} e6 9.
b4 Qa3 10. Nge2 a5 11. Rb1 (11. b5 Bxc5 12. Qa4 Ke7 13. bxc6 Qxa4 14. Nxa4 Bd6
$11) 11... axb4 12. Rxb4 Ba6 (12... Nd7 $1 $17) 13. O-O Bxe2 14. Nxe2 Be7 {
with a pleasant position for Black} 15. Bd6 Bxd6 16. cxd6 O-O 17. Ng3 Rfc8 18.
Qd2 Rd8 19. e4 dxe4 20. c4 Qxa2 21. Qxa2 Rxa2 22. Rb6 h5 23. Rxc6 h4 24. Nh1
Rc2 25. Rd1 Ng4 26. c5 e3 27. Rc7 exf2+ 28. Nxf2 Nxf2 29. Rf1 Ne4 30. Rfxf7
Rc1+ {0-1 (30) Grischuk,A (2781)-Anand,V (2804) Stavanger 2015}) 8... e6 {
[%emt 0:04:51]} (8... Ne4 $1 {should have been preferred, but it's difficult
to go for it without proper preparation.} 9. Qd4 (9. O-O Nxc3 10. bxc3 Qxc5 11.
Re1 e6 12. e4 Be7 {White's initiative is sufficient for not more than equality.
}) 9... Nxc3 (9... Qxc5 10. Nxe4 Qxd4 11. exd4 dxe4 12. Ne5 $14) 10. bxc3 f6 $1
11. O-O e5 12. Bxe5 fxe5 13. Qxe5+ Kf7 (13... Be7 14. e4 $36 {Although still
very unclear, this definitely looks threatening.} (14. Qxg7 $5 Rf8 15. Qxh7 $40
)) 14. Ng5+ Kg8 15. Ne6 Ra7 {The position has turned into a mess, but Black
should have enough defensive resources.}) (8... Qxc5 9. Ne5 $1 e6 10. O-O Bb7 (
10... Be7 11. Na4 Qa5 12. c4 $16) 11. Na4 Qa7 12. c4 $36) 9. O-O {[%emt 0:15:
05]} Bd7 {[%emt 0:04:33] White is already at choice now; he has lots of
promising continuations.} ({After the immediate} 9... Bxc5 10. Nd4 $1 {seems
to be annoying, that's the reason, why in the game Anand preferred to protect
c6 first.} (10. Ne5 Bb7 11. a3 Qd8 12. b4 Bd6 13. Nd3 a5 $132) 10... Qb4 11.
Rb1 (11. Nxc6 Qxb2 $1) 11... Qb7 12. b4 Be7 13. Na4 O-O 14. c4 $14) 10. a3 {
[%emt 0:19:45]} (10. Bd6 $5 {is also sensible and better for White.} Bxd6 11.
cxd6 O-O 12. e4 Nxe4 13. Nxe4 dxe4 14. Nd2 $14) ({When I followed this game
online, the commentators suggested another move, which is also really
dangerous for Black.} 10. e4 $1 Bxc5 11. Nd2 Be7 12. Nb3 Qb6 (12... Qd8 13. e5
$1 Ng8 14. Na4 $16) 13. Re1 O-O 14. Be3 Qd8 15. Bc5 $16) 10... Qxc5 {[%emt 0:
00:48]} 11. Na4 {[%emt 0:00:37]} Qa7 {[%emt 0:02:49]} (11... Qb5 12. c4 $1) 12.
c4 {[%emt 0:01:48]} Be7 {[%emt 0:02:01]} 13. Rc1 {[%emt 0:07:46]} (13. b4 $5
O-O 14. c5 Rad8 15. Ne5 Be8 16. Qe2 $14 {is another strategy, giving White a
good edge.}) 13... Rc8 $2 {[%emt 0:03:05] Black can't bear delaying castling
for so long.} (13... c5 14. cxd5 Nxd5 15. Bg5 $14) (13... O-O {was the lesser
evil, allowing the weakening of the structure.} 14. cxd5 Nxd5 15. Ne5 $14) 14.
cxd5 {[%emt 0:21:36] Grischuk decides two open up the position, which makes
some sense taking into account that the Black king is still stuck in the
centre.} (14. c5 $5 {with the idea of seizing more space and squeezing Black
is pretty good, too.} O-O 15. b4 Rcd8 (15... Rfe8 16. Nb6 Rcd8 17. Ne5 $18) 16.
Nb6 Ne4 17. Nd4 $16) 14... cxd5 {[%emt 0:05:07]} 15. Rxc8+ {[%emt 0:00:28]}
Bxc8 {[%emt 0:00:09]} 16. Qd4 $5 {[%emt 0:00:03] An interesting decision. The
queen is the only defender of the queenside, hence it is exchanged.} Qxd4 {
[%emt 0:01:06]} 17. exd4 {[%emt 0:00:27] The queen exchange hasn't eased
Black's problems. His lack of development will cost him and important pawn.}
Bd7 {[%emt 0:07:01]} (17... O-O 18. Rc1 Bd7 19. Nb6 {changes nothing.}) 18. Nb6
{[%emt 0:19:45]} Bd8 {[%emt 0:16:49]} (18... O-O 19. Rc1 Bb5 20. a4 $1 Be2 (
20... Be8 21. Ne5) 21. Ne5 $16 {the white pieces are dominating.}) 19. Nxd7 {
[%emt 0:01:02]} Nxd7 {[%emt 0:00:44]} 20. Rc1 {[%emt 0:00:14]} f6 {[%emt 0:00:
37] This gives the pawn at once, but anyway, it was difficult to hold onto it
in the long run.} (20... a5 21. Rc6 Nb6 22. Ne5 a4 23. Nd3 $16) 21. Rc6 {
[%emt 0:03:48]} Kf7 {[%emt 0:01:24]} 22. Rxa6 {[%emt 0:03:49] The rest is
basically a matter of technique.} Bb6 {[%emt 0:00:31]} 23. Bd2 {[%emt 0:02:28]}
(23. a4 $1 Rc8 24. a5 Bd8 25. h4 {would have been more accurate.}) 23... g5 {
[%emt 0:04:22]} (23... Rc8 $5 24. Bc3 e5 {could have created more problems.}
25. g3 Rb8 26. a4 (26. dxe5 Nc5 $1) 26... exd4 27. Bxd4 Bxd4 28. Nxd4 Rxb2 29.
Ra7 Ke8 30. a5 $16) 24. h3 {[%emt 0:05:33]} Rb8 {[%emt 0:00:31]} 25. Bb4 {
[%emt 0:02:45]} Rb7 {[%emt 0:00:30]} 26. Ra8 {[%emt 0:00:57]} Nb8 {[%emt 0:00:
18]} 27. Kf1 {[%emt 0:00:39]} Nc6 {[%emt 0:06:28]} 28. Bc3 {[%emt 0:00:01]} e5
{[%emt 0:00:17]} 29. dxe5 {[%emt 0:00:31]} d4 {[%emt 0:00:10]} 30. Bb4 {
[%emt 0:01:06]} Nxe5 {[%emt 0:01:05]} 31. Nxe5+ {[%emt 0:01:57]} fxe5 {[%emt 0:
00:07]} 32. Ke2 {[%emt 0:00:12]} e4 {[%emt 0:03:21]} 33. f3 $1 {[%emt 0:00:01]}
d3+ {[%emt 0:01:46]} (33... e3 34. Kd3 $18 {Black's pawns are safely blocked.})
34. Kd2 {[%emt 0:00:07]} exf3 {[%emt 0:00:33]} 35. Rf8+ {[%emt 0:00:19] A
severe defeat for Anand caused by poor handling of this rare opening.} 1-0

[Event "BEL-chT 0001"]
[Site "Belgium"]
[Date "2000.10.15"]
[Round "1.1"]
[White "Winants, Luc"]
[Black "Sziva, Erika"]
[Result "1-0"]
[WhiteElo "2523"]
[BlackElo "2311"]
[Annotator "Winants,L"]
[PlyCount "55"]
[EventDate "2000.11.18"]
[EventType "team"]
[EventRounds "13"]
[EventCountry "BEL"]
[SourceTitle "CBM 080"]
[Source "ChessBase"]
[SourceDate "2001.01.25"]
[SourceVersion "1"]
[SourceVersionDate "2001.01.25"]
[SourceQuality "1"]

1. d4 Nf6 2. Bg5 d5 3. e3 c5 4. Bxf6 {Pour éliminer le Cavalier centralisé 
(points d5, e4 etc.) et jouer avec deux pièces mineures contre deux sur les
cases blanches.} gxf6 5. c4 cxd4 6. exd4 Bg7 ({Le meilleur coup devrait être} 
6... Be6 {. Après} 7. Nc3 {puis} Nc6 {, on obtiendrait une position de la
défense Caro-Kann - attaque Panov : 1.e4 c6 2.d4 d5 3.ed5 cd5 4.c4 Nc6 5.Nc3
Nf6 6.Bg5 Be6 7.Bf6 gf6.}) 7. cxd5 $146 ({Apparemment plus fort que} 7. Nc3 {
qui avait été essayé а diverses reprises.}) 7... Qxd5 8. Nc3 Qd8 ({Une autre
possibilité était} 8... Qa5 9. Bb5+ Bd7 10. Qg4 $1 {Et les Blancs conservent
l'initiative.}) 9. Bb5+ Bd7 ({Si} 9... Nd7 10. Qh5 $5 {Menaçant 11.Bc4.}) 10.
Bxd7+ {Pour échanger l'un des deux Fous ennemis.} Qxd7 {Il valait mieux
prendre du Cavalier, afin de ne pas permettre la poussée en d5 avec gain de
temps.} (10... Nxd7 11. Nf3 Nb6 12. O-O $14) 11. Nf3 O-O 12. O-O {Les Noirs
devront tôt ou tard effectuer le coup ...f5, pour dégager la diagonale du Bg7.
Les Blancs en profiteront alors pour instaurer le siège des pions adverses,
via d4-d5, Re1 et Nd4, puis obtiendront une forte pression contre e6 et f5.}
Nc6 13. d5 Nb4 ({Ou} 13... Ne5 14. Nd4 {[%csl Yf5][%cal Gd1h5] Menaçant Qh5,
puis Nf5.}) 14. a3 Na6 15. Qd4 {[%csl Ya6] Pour maintenir le Cavalier sur la
touche et préparer l'intervention des Tours.} Rfd8 16. Rad1 b6 17. Rfe1 (17.
Qh4 Nc5 18. d6 exd6 19. Nd5) 17... Nc5 18. Qh4 {[%cal Yf3d4,Rd5d6,Ge1e3,Ge3g3,
Gg3h3] Les Noirs doivent désormais tenir compte du coup de bélier en d6, de
l'arrivée du Cavalier sur d4 et du transfert des Tours vers l'aile Roi
affaiblie (Re3-g3).} Nb7 19. Nd4 Nd6 20. Rd3 Rac8 21. Rde3 $1 {Un petit coup
intermédiaire important.} ({Si immédiatement} 21. Rg3 Kh8 22. Ree3 Nf5 23. Nxf5
Qxf5 {[%cal Rf5b1,Gc8c1] Et les Noirs menacent d'administrer le fameux mat du
couloir, via 24... Qb1+ !}) 21... Re8 22. Rg3 Kh8 23. Ree3 Rg8 $2 {Perd
sur-le-champ.} (23... Nf5 {était maintenant contré par} 24. Qg4 $18 {[%csl Rd7,
Ye8] exploitant le clouage et la position non défendue de la Dame.}) ({Le
moindre mal était donc} 23... e5 24. Rxg7 Kxg7 25. Rg3+ (25. Rh3 Qxh3 $1) 25...
Kf8 26. Nc6 Rxc6 (26... Nf5 27. Qxh7 $18) 27. dxc6 Qxc6 (27... Qf5 28. Qb4) 28.
Qxf6 Re6 29. Qh8+ Ke7 30. Qxh7 $16 {Avec un bon pion de plus et l'attaque.})
24. Rh3 h6 25. Reg3 {Menaçant d'abord et surtout 26.Qxh6+ !} Nf5 26. Qg4 ({Ou} 
26. Qf4 $18) ({mais pas} 26. Nxf5 $2 Qxf5 27. Rxg7 $4 Qb1+ 28. Nxb1 Rc1#) 26...
e6 27. Nxf5 exf5 28. Qf4 {Les Noirs abandonnent juste avant le mat :} (28. Qf4
Kh7 29. Rxg7+ Rxg7 30. Qxh6+ Kg8 31. Qh8#) 1-0

[Event "SWE-ch"]
[Site "Linkoping"]
[Date "2001.07.02"]
[Round "2"]
[White "Cramling, Pia"]
[Black "Barkhagen, Jonas"]
[Result "1/2-1/2"]
[WhiteElo "2496"]
[BlackElo "2456"]
[Annotator "Ziegler,A"]
[PlyCount "132"]
[EventDate "2001.06.30"]
[EventType "tourn"]
[EventRounds "13"]
[EventCountry "SWE"]
[EventCategory "8"]
[SourceTitle "CBM 085"]
[Source "ChessBase"]
[SourceDate "2001.11.13"]
[SourceVersion "1"]
[SourceVersionDate "2001.11.13"]
[SourceQuality "1"]

1. d4 {Hecht} Nf6 2. Nf3 g6 3. Nc3 d5 4. Bf4 {Det finns en del förespråkare
för den så kallade Milner-Barry attacken mot Grünfeld. Själv förhåller jag mig
skeptisk. Mark Hebden är den ledande fanbäraren. Vi ser det inte så ofta på
hög nivå eftersom man där oftast spelar med bönderna i centrum. Det kan
knappast kommit som någon överraskning för Jonas eftersom Pia spelade det mot
Thomas Ernst i fjol.} Bg7 5. e3 c5 {Jag kritiserade det här draget i fjol. Men
Jonas är uppenbarligen av annan åsikt.} 6. dxc5 O-O 7. Be2 Qa5 8. Nd2 Qxc5 9.
Nb3 Qb6 10. Nb5 ({I ovan nämnda parti spelade Pia:} 10. O-O) 10... Na6 {
Även på denna nivå respekteras hot som Sc7.} 11. Be5 Qd8 ({Svart har lite
bråttom. Han kunde låtit vit hota bort damen istället:} 11... Bd7) 12. O-O Ne8
13. Bxg7 Nxg7 14. Nc3 {Vit låser in svarts löpare.} (14. c4 {Ger vit en
akademisk fördel.}) 14... e6 15. e4 ({En strukturalist hade nog föredragit.} 
15. Bxa6) 15... dxe4 (15... Nc7 {Var nog lite bättre trots allt. Frågan är om
vit har något nyttigt väntedrag inför ...dxe4 i nästa.} {Kanske var Jonas
orolig för:} 16. exd5 Nxd5 17. Nxd5 Qxd5 18. Qxd5 exd5) 16. Qxd8 Rxd8 17. Nxe4
Nc7 18. Rfd1 Rxd1+ 19. Rxd1 Kf8 20. Bf3 {[#] Ett bra löpardrag som fixerar
svarts damflygel.} e5 $2 (20... Rb8) 21. Nd6 Nge6 22. Bxb7 Bxb7 23. Nxb7 Na6
24. c3 Rb8 25. N7a5 Rc8 26. Rd6 Rd8 27. Rxd8+ Nxd8 {[#] Vits merbonde ser mer
eller mindre ut som två stycken med tanke på tre mot en situationen på
damflygeln. Men Pia gör ett litet fel direkt. Det betyder egentligen inget
rent teoretiskt, men ger Jonas återhämtningschanser. Jag tror att källan till
felet är vits överlägsna ställning. Det är lätt att man tänker: "Det här borde
vara vinst med bakbundna händer", och så sölar man iväg några drag istället
för att fortsätta den fina trenden som man haft så långt i partiet.} 28. Nc4 {
Pia backar med springaren till c4 för att eventuellt gå vidare till e3, där
den blickar åt båda flyglarna samtidigt. Det hade varit mer naturligt att
satsa på ett snabbt avancemang av damflygelbönderna.} (28. Nc1 Ke7 29. b4 h5
30. a3 Kd7 31. c4 {Och vits spel kommer att flyta av sig självt.}) 28... f6 29.
f3 Ke7 30. Kf2 {Pia följer den gyllene principen att det aldrig kan vara fel
att aktivera kungen i slutspel. Det stämmer i stort sett. Vad som kan vara fel
är "timingen". Ett springardrag som tar tillvara på det lilla initiativ som
vit har hade varit att föredra.} h5 31. Nc1 Nc7 32. Nd3 Nde6 33. h4 $2 {
Draget tappar fokus på damflygeln, där hon är som starkast. Samma typ av
misstag gjorde Pia mot Per Vernersson i ett liknande slutspel i fjol.} Ng7 34.
g3 Ke6 35. Na5 {Vi börjar om från början.} Nf5 36. Nc6 a6 37. Ncb4 Kd6 38. Nc2
g5 {Mycket bra av Jonas. Han utnyttjar Pias obeslutsamhet och startar således
ett motspel riktat mot Pias h4.} 39. hxg5 fxg5 40. Ne3 Nxe3 41. Kxe3 {Hecht: '
[#] Entfernter schwarzer Freibauer und aktiver König als Gegengewicht für
einen Minusbauern'} h4 {[#] Svart offrar en bonde för att avleda kungen från
centrum så att den egna kungen skall kunna tränga in och angripa
damflygelbönderna.} 42. gxh4 gxh4 43. f4 exf4+ 44. Kxf4 Kd5 45. b3 (45. Kg4 {
Hecht} Ke4 {Der aktive König sollte Schwarz retten.} 46. Nc5+ Ke3 47. Kxh4 Kd2
48. c4 Kc2 49. b3 Kb2 50. Kg4 Kxa2 51. Kf4 Ka3 52. Ke5 Kb4 53. Kd6 a5 {sieht
in der Tat nach Remis aus}) 45... Ne6+ 46. Kf3 Ng5+ 47. Kf4 Ne6+ 48. Kf3 Ng5+
49. Kg4 Ne4 50. c4+ (50. Nb4+ Kc5 51. Nxa6+ Kb6 52. Nb4 Nxc3 {Blir remi.})
50... Kd4 51. Nb4 Nc5 52. Kxh4 Kc3 53. Nd5+ (53. Nc6 {Hecht} Nxb3 54. axb3 Kxb3
55. Ne5 Kb4 $1 56. Kg5 a5 $11) 53... Kd4 54. Nb4 Kc3 55. Nd5+ Kd4 56. Kg4 Nd3 (
56... a5 {Hecht} 57. Nf4 a4 58. b4 Kxc4 59. bxc5 Kxc5 $11) 57. Kf5 a5 58. Nb6
Nc1 59. Na4 Nxa2 60. Ke6 Nb4 61. Kd6 Kd3 62. Kc7 (62. Kc5 {Hecht} Kc2 63. Kb5
Kxb3 64. c5 Nc2 65. Kxa5 Nd4 66. Nb6 Kc3 67. Ka6 Kb4 68. Nd7 Nc6 69. Kb6 Ne7
$11) 62... Kc2 63. Nc5 Kc3 64. Kb6 a4 65. Nxa4+ (65. bxa4 {Hecht} Kxc4 $11)
65... Kxb3 66. Kb5 Nc2 {En utomordentlig försvarsprestation av Jonas.} 1/2-1/2